Estadísticas para 65 Capitales de Europa

Haz click aquí para intentar la prueba.

Estadísticas generales

  • Esta prueba ha sido intentada 33 veces
    (12 desde el último reinicio)
  • La puntuación promedio es 43 de 66

Estadísticas de respuestas

HintRespuesta% Correcto
GreciaAtenas
100%
AlemaniaBerlín
100%
BélgicaBruselas
100%
FinlandiaHelsinki
100%
InglaterraLondres
100%
EspañaMadrid
100%
FranciaParís
100%
ItaliaRoma
100%
AndorraAndorra La Vieja
92%
CatalunyaBarcelona
92%
LuxemburgoLuxemburgo
92%
MónacoMónaco
92%
NoruegaOslo
92%
Chequia (Rep. Checa)Praga
92%
IslandiaReikiavik
92%
AustriaViena
92%
VaticanoCiudad del Vaticano
83%
DinamarcaCopenhague
83%
GibraltarGibraltar
83%
PortugalLisboa
83%
BulgariaSofía
83%
HungríaBudapest
75%
IrlandaDublín
75%
SueciaEstocolmo
75%
UcraniaKiev
75%
Islas CanariasLas Palmas / Santa Cruz de Tenerife
75%
MaltaLa Valeta
75%
EsloveniaLiubliana
75%
BielorrusiaMinsk
75%
LetoniaRiga
75%
Bosnia y HerzegovinaSarajevo
75%
EstoniaTallin
75%
AlbaniaTirana
75%
CroaciaZagreb
75%
EslovaquiaBratislava
67%
EscociaEdimburgo
67%
MallorcaPalma
67%
San MarinoSan Marino
67%
Macedonia del NorteSkopie
67%
LiechtensteinVaduz
67%
Países BajosÁmsterdam
58%
SerbiaBelgrado
58%
SuizaBerna
58%
RumaníaBucarest
58%
GalesCardiff
58%
MontenegroPodgorica
58%
KosovoPristina
58%
GaliciaSantiago de Compostela
58%
PoloniaVarsovia
58%
LituaniaVilna
58%
MoldaviaChisinau
50%
Irlanda del NorteBelfast
42%
MadeiraFunchal
42%
CretaHeraclión
33%
Isla de ManDouglas
25%
Llanos de OlivenzaOlivenza
25%
Islas FeroeTórshavn
25%
País VascoVitoria-Gasteiz
25%
SvalbardLongyearbyen
17%
Islas AalandMariehamn
17%
AzoresPunta Delgada / Horta y Angra do Heroísmo
17%
JerseySaint Helier
17%
GuernseySaint Peter Port
17%
TransnitriaTiraspól
17%
Jan MayenOlonkinbyen
8%
CrimeaSimferópol
8%

Distribución de puntuación

Porcentaje por número respondido

Porcentaje de gente con cada puntuación

Historial de tus puntuaciones

No has intentado esta prueba desde el último reinicio